000 00445nab a2200145Ia 4500
003 ES-SlBCS
005 20210601125636.0
008 140529s1985 xxu||||| |||| 00| 0 eng d
041 _aeng
100 1 _aPfeiffer, Raymond S.
_9139327
245 0 0 _aAbortion Policy and the Argument from Uncertainty
_c Raymond S. Pfeiffer
650 0 4 _aAborto
_9107880
773 0 _tSocial Theory and Practice
_gvol. 11, 1985, págs. 371-386
_wRev846
942 _cAR
999 _c533651
_d533651